000
00332nam a2200133Ia 4500
008
240624s9999 xx 000 0 und d
041
_a
eng
082
_a
340 DWI
100
_a
DWIVEDI S L
245
_a
BOMBAY LABOUR WELFARE FUNDS ACT
260
_c
2007
_a
Bombay
_b
Labour Law Agency
300
_a
24 : p. : cm. ; 25
365
_c
RS
_b
15
999
_c
5533
_d
5533